Statistics for Top 20 Words Starting With SL

Click here to take the quiz!

General Stats

  • This quiz has been taken 352 times
  • The average score is 12 of 20

Answer Stats

rank letters word % Correct
134slam
88%
154slap
88%
34slip
88%
15sleep
86%
24slow
85%
84slim
80%
184slab
71%
164slid
71%
114slot
66%
55slide
63%
95slave
63%
175slate
62%
65slope
51%
46slight
50%
145slept
45%
75slice
39%
106sleeve
35%
125slump
27%
209slaughter
26%
196slogan
5%

Score Distribution

Percentile by Number Answered

Percent of People with Each Score

Your Score History

You have not taken this quiz